Josef und Anni Albers : Europa und Amerika ; [Kunstmuseum Bern, 6. November 1998 - 31. Januar 1999]
Gespeichert in:
| Mitwirkende: | |
|---|---|
| Dokumenttyp: | Buch |
| Sprache: | German |
| Veröffentlicht: |
Köln
: DuMont
, 1998
|
| Schriftenreihe: | Künstlerpaare - Künstlerfreunde
|
| Schlagwörter: | |
| Online Zugang: | Inhaltsverzeichnis Cover Inhaltsverzeichnis |
| Bibliogr. Hinweis: | Rezension:
[Rezension von: Josef und Anni Albers, Europa und Amerika] |
| Verantwortlich: | hrsg. von Josef Helfenstein und Henriette Mentha ; mit Beitr. von Anni Albers ... [Übers. aus dem Engl.: Manfred Allié ...] |
| LEADER | 04135cam a2200817 c 4500 | ||
|---|---|---|---|
| 001 | 250703076 | ||
| 003 | DE-627 | ||
| 005 | 20260613204114.0 | ||
| 007 | tu | ||
| 008 | 981102s1998 au ||||| c 00| ||ger c | ||
| 015 | |a 98,N46,0438 |2 dnb | ||
| 015 | |a 99,A35,1165 |2 dnb | ||
| 016 | 7 | |a 954873688 |2 DE-101 | |
| 020 | |a 9783770147953 |q : DM 78.00 (Buchh.-Ausg. Gewebe) |9 978-3-7701-4795-3 | ||
| 020 | |a 3770147952 |q : DM 78.00 (Buchh.-Ausg. Gewebe) |9 3-7701-4795-2 | ||
| 020 | |a 3770147960 |q ((Museumsausg.) |9 3-7701-4796-0 | ||
| 035 | |a (DE-627)250703076 | ||
| 035 | |a (DE-603)060325801 | ||
| 035 | |a (DE-576)070780455 | ||
| 035 | |a (DE-599)GBV250703076 | ||
| 035 | |a (OCoLC)237358488 | ||
| 035 | |a (OCoLC)237358488 | ||
| 035 | |a (OCoLC)194991695 | ||
| 035 | |a (DE-478)952072154 | ||
| 040 | |a DE-627 |b ger |c DE-627 |e rakwb | ||
| 041 | |a ger | ||
| 044 | |c XA-AT |c XA-DE |c XD-US | ||
| 082 | 0 | |a 709.430904 |2 DDC20oclc | |
| 082 | 0 | |a 709.73 |2 DDC21oclc | |
| 084 | |a 46 |a 47 |2 sdnb | ||
| 084 | |a 9,10 |a 9,11 |2 ssgn | ||
| 084 | |a LI 10950 |2 rvk |0 (DE-625)rvk/95452: | ||
| 084 | |a 20.31 |2 bkl | ||
| 245 | 0 | 0 | |a Josef und Anni Albers |b Europa und Amerika ; [Kunstmuseum Bern, 6. November 1998 - 31. Januar 1999] |c hrsg. von Josef Helfenstein und Henriette Mentha ; mit Beitr. von Anni Albers ... [Übers. aus dem Engl.: Manfred Allié ...] |
| 263 | |a (Buchh.-Ausg.) Gewebe : DM 78.00 | ||
| 264 | 1 | |a Köln |b DuMont |c 1998 | |
| 300 | |a 239 S. |b zahlr. Ill. | ||
| 336 | |a Text |b txt |2 rdacontent | ||
| 336 | |a unbewegtes Bild |b sti |2 rdacontent | ||
| 337 | |a ohne Hilfsmittel zu benutzen |b n |2 rdamedia | ||
| 338 | |a Band |b nc |2 rdacarrier | ||
| 490 | 0 | |a Künstlerpaare - Künstlerfreunde | |
| 500 | |a Literaturverzeichnis Seite 225 - 229 | ||
| 583 | 1 | |a Archivierung/Langzeitarchivierung gewährleistet |f SSG |x XA-DE-BW |2 pdager |5 DE-16 | |
| 600 | 1 | 7 | |0 (DE-588)118501429 |0 (DE-627)22448351X |0 (DE-576)160043719 |a Albers, Josef |d 1888-1976 |2 gnd |
| 600 | 1 | 7 | |0 (DE-588)119097257 |0 (DE-627)079890083 |0 (DE-576)211153923 |a Albers, Anni |d 1899-1994 |2 gnd |
| 655 | 7 | |a Ausstellungskatalog |x Kunstmuseum Bern |y 06.11.1998-31.01.1999 |0 (DE-588)4135467-9 |0 (DE-627)10566491X |0 (DE-576)209660988 |2 gnd-content | |
| 655 | 7 | |a Ausstellungskatalog |x Kunstmuseum Bern |y 06.11.1998-31.01.1999 |z Bern |0 (DE-588)4135467-9 |0 (DE-627)10566491X |0 (DE-576)209660988 |2 gnd-content | |
| 689 | 0 | 0 | |d p |0 (DE-588)118501429 |0 (DE-627)22448351X |0 (DE-576)160043719 |a Albers, Josef |d 1888-1976 |2 gnd |
| 689 | 0 | |5 DE-101 | |
| 689 | 1 | 0 | |d p |0 (DE-588)119097257 |0 (DE-627)079890083 |0 (DE-576)211153923 |a Albers, Anni |d 1899-1994 |2 gnd |
| 689 | 1 | |5 DE-101 | |
| 700 | 1 | |a Albers, Josef |d 1888-1976 |e Ill. |0 (DE-588)118501429 |0 (DE-627)22448351X |0 (DE-576)160043719 |4 ill | |
| 700 | 1 | |a Albers, Anni |d 1899-1994 |e Ill. |0 (DE-588)119097257 |0 (DE-627)079890083 |0 (DE-576)211153923 |4 ill | |
| 700 | 1 | |a Helfenstein, Josef |d 1957- |e Hrsg. |0 (DE-588)121241092 |0 (DE-627)081176139 |0 (DE-576)161367909 |4 edt | |
| 700 | 1 | |a Mentha, Henriette |d 1958- |0 (DE-588)114539383 |0 (DE-627)515621633 |0 (DE-576)186362218 |4 oth | |
| 710 | 2 | |a Kunstmuseum Bern |0 (DE-588)2016799-4 |0 (DE-627)101913745 |0 (DE-576)191706191 |4 oth | |
| 787 | 0 | 8 | |i Rezension |a Berkowits, Nomi |t [Rezension von: Josef und Anni Albers, Europa und Amerika] |d 2000 |w (DE-627)1547720263 |w (DE-576)477720269 |
| 856 | 4 | 2 | |u https://www.gbv.de/dms/spk/iai/toc/250703076.pdf |m V:DE-601 |m B:DE-204 |q pdf/application |v 2025-11-29 |3 Inhaltsverzeichnis |7 1 |
| 856 | 4 | 2 | |u https://www.gbv.de/dms/spk/iai/cov/250703076.jpg |m V:DE-601 |m B:DE-204 |v 2025-11-29 |3 Cover |7 1 |
| 856 | 4 | 2 | |u https://scans.hebis.de/HEBCGI/show.pl?06032580_toc.pdf |m V:DE-605;X:Imageware |q application/pdf |3 Inhaltsverzeichnis |7 1 |
| 889 | |w (DE-576)471016276 | ||
| 935 | |i Blocktest | ||
| 936 | r | v | |a LI 10950 |b Albers, Josef |k Kunstgeschichte |k Künstler-Monografien |k Alphabetische Künstlerliste |k Künstler A |k Albers, Josef |0 (DE-627)1270704931 |0 (DE-625)rvk/95452: |0 (DE-576)200704931 |
| 936 | b | k | |a 20.31 |j Bildende Künstler |0 (DE-627)181571080 |
| 936 | s | n | |a l300 |2 mzub |
| 951 | |a BO | ||
| 990 | |a Albers, Josef | ||
| 990 | |a Albers, Anni | ||
| 991 | |a Rezensiertes Werk | ||
| 999 | |a KXP-PPN250703076 |e 4046150327 | ||


